Les 2 meilleurs ailiers gauche de ces grands clubs dans l'histoir - Statistiques

Statistiques générales
  • Ce quiz a été pris 51 fois
  • Le résultat moyen est 18 sur 30
Statistiques - réponses
Clubs Nationalités Joueurs % Correct
Réal Madrid Portugal Cristiano Ronaldo
100%
Manchester United Portugal Cristiano Ronaldo
100%
Juventus Turin Portugal Cristiano Ronaldo
100%
FC Barcelone Brésil Neymar
100%
Paris Saint-Germain Brésil Neymar
100%
Liverpool Sénégal Sadio Mané
96%
Chelsea Belgique Eden Hazard
89%
Bayern Munich France Franck Ribéry
89%
Manchester United Pays de Galles Ryan Giggs
87%
Réal Madrid Brésil Vinicius Junior
85%
Juventus Turin République Tchèque Pavel Nedved
83%
FC Barcelone Brésil Ronaldinho
83%
Paris Saint-Germain France Kylian Mbappé
81%
Manchester City Angleterre Phil Foden
72%
Inter Milan Cameroun Samuel Eto'o
72%
Borussia Dortmund Allemagne Marco Reus
70%
Manchester City Angleterre Raheem Sterling
68%
Arsenal France Robert Pires
64%
Chelsea France Florent Malouda
55%
Olympique Lyonnais France Florent Malouda
55%
Olympique de Marseille Ghana Abédi Pelé
51%
Arsenal Pays-Bas Marc Overmars
34%
Olympique de Marseille Uruguay Enzo Francescoli
13%
Liverpool Angleterre John Barnes
6%
Olympique Lyonnais France/Argentine Sylvain Wiltord
6%
AC Milan Italie Gianluigi Lentini
0%
Borussia Dortmund Allemagne Lothar Emmerich
0%
Inter Milan Italie Mario Corso
0%
AC Milan Italie Rafael Leao
0%
Bayern Munich Allemagne Uli Hoeness
0%
Aucun quiz correspondant
Distribution des résultats
% des personnes avec chaque résultat
Percentile par nombre de réponses
Votre historique - résultats
Vous n’avez pas pris ce quiz